000 00282nam a22001217a 4500
008 171215b xxu||||| |||| 00| 0 eng d
041 _aeng
080 _a37
100 _a46
101 _aEDU
245 _aTHE ALTERNATIVE HEALTH MEDICINE ENCYCLOPEDIA
_cMARTI,J,E
942 _2udc
_cBK
999 _c39018
_d39018